United States Country Quiz - Statistics

General Stats
  • This quiz has been taken 40 times
  • The average score is 14 of 19
Answer Stats
Question Answer % Correct
The "Father of Our Country" George Washington
97%
Capital City Washington D.C
97%
First Person to Land on the Moon Neil Armstrong
95%
The Enemy of the U.S in the Cold War Soviet Union
95%
A Shape on the U.S Flag Star
92%
Place Where the President Lives The White House
92%
Largest City in Alaska Anchorage
84%
This Country Failed to Beat the Americans in a War that lasted from 1846-1848 Mexico
84%
American Equivalent of KGB CIA
82%
First Capital City Philadelphia
82%
Most Populated City in the Country New York City
79%
This President of the U.S Said "Mr.Gorbachev, tear down this wall!" Ronald Reagan
79%
This Mountain Stretches through Montana,Idaho and Many Other States Rocky Mountains
74%
Which Project Started to Make Nuclear Bombs Manhattan Project
68%
This War had the most Casualties of the U.S Civil War
61%
The U.S Led a NATO bombing campaign against which Country in Europe in the 90's Yugoslavia
55%
Most Populated U.S City in the South Jacksonville
29%
Currently, the Last American Territory to gain Independence Marshall Islands
11%
In 1945, What Era began in America Modern Era
3%
No matching quizzes found
Score Distribution
Percent of People with Each Score
Percentile by Number Answered
Your Score History
You have not taken this quiz